| 000 | 00414nam a2200193Ia 4500 | ||
|---|---|---|---|
| 999 |
_c1497 _d1497 |
||
| 003 | 0100 | ||
| 008 | 130227s9999 xx 000 0 und d | ||
| 040 | _cARRUPELIB | ||
| 050 | _aDT731.L8L63 | ||
| 100 |
_aLloyd, Brendon W. _939317 |
||
| 245 | _aLivingstone 1873-1973 / | ||
| 260 |
_aCape Town _bC. Struik _c1973 |
||
| 300 | _a99p. | ||
| 300 | _b 23cm. | ||
| 650 |
_aLivingstone, David _930581 |
||
| 942 |
_2lcc _cMONOGRAPH |
||